000 01322nam a22003737a 4500
003 CHAP
005 20220329141524.0
008 971013s1987 r 00010 d
010 _a69520
011 _a70492
035 _a79973
040 _cCHAP
090 _aTesis
100 0 0 _aRosado Martínez, Juan.
_999880
245 _aEfectos de la aplicación de ethrel y KNO3 a diferentes concentraciones sobre la floración en mango (Mangífera indica L.) cv. Manila, en la zona de Actopan, Ver.
260 _aChapingo, Méx. :
_bEl autor,
_c1987
300 _a69 h.
500 _a34-175
502 _aTesis (Ing. Agrónomo esp. en Fitotecnia) -- UACH. Departamento de Fitotecnia
590 _aALEPH
_b10
_c20130110
_lUCH01
_h1408
590 _aBATCH-UPD
_b10
_c20130110
_lUCH01
_h0550
590 _aBATCH-UPD
_b10
_c20130110
_lUCH01
_h2257
590 _aBATCH-UPD
_b10
_c20130410
_lUCH01
_h0231
590 _aBATCH-UPD
_b10
_c20130914
_lUCH01
_h1743
590 _aCONVERSION
_b10
_c20130109
_lUCH01
_h1338
650 1 4 _aAcido cloroetilfosfonico 2.
_9578
650 1 4 _aMango
_xFloración.
_970419
650 1 4 _aMango
_zVeracruz.
_970463
650 1 4 _aNitrato de potasio.
_981391
901 _aBK
942 _cFOLL
949 _bBC
_cTES
_d-32864
_eTS1
_h22330
_i79973
_si
949 _bBC
_cTES
_d-97332
_eTS2
_fc.2
_h22331
_i79973
_si
999 _c69520
_d69520